I can't remember the lyrics - Statistics

General Stats
  • This quiz has been taken 14 times
  • The average score is 6 of 15
Answer Stats
Hint Answer % Correct
Just a small-town girl, livin' in a lonely world She took ... going anywhere the midnight train
92%
Caught in a landslide, no escape from reality Open your eyes, look ... and see up to the skies
69%
I go on too many dates But I can't make 'em stay ... that's what people say, mm-mm At least
62%
So you're a tough guy Like it ... guy really rough
62%
Shouting in the street, gonna take on the world someday You got blood ... , you big disgrace on your face
54%
That you found a girl and you're married now I heard that your ... dreams came true
46%
Suddenly, I'm not half the man I used to be There's a ... over me shadow hanging
38%
I'm wakin' up, I feel it in ...Enough to make my system blow my bones
31%
On a dark desert highway, cool wind in my hair Warm smell of colitas ... through the air rising up
31%
I used to roll the dice Feel the fear in my ... Listened as the crowd would sing enemy's eyes
23%
And ... , hey Jude, refrain Don't carry the world upon your shoulders anytime you feel the pain
15%
Life is ours, we live it our way All ..., I don't just say And nothing else matters these words
15%
They keep me thinking that we almost had it all The scars of your love ... I can't help feeling they leave me breathless
15%
I see this life like a swingin' vine Swing my ... the line heart across
8%
What's going on in that beautiful mind? I'm on your ... ride magical mystery
8%
No matching quizzes found
Score Distribution
Percent of People with Each Score
Percentile by Number Answered
Your Score History
You have not taken this quiz